Chemical engineering kinetics (Record no. 6589)

000 -LEADER
fixed length control field 00510nam a2200193 4500
001 - CONTROL NUMBER
control field 6589
003 - CONTROL NUMBER IDENTIFIER
control field BD-DhUET
008 - FIXED-LENGTH DATA ELEMENTS--GENERAL INFORMATION
fixed length control field 700825s1970 nyua b 001 0 eng
040 ## - CATALOGING SOURCE
Transcribing agency 0
Modifying agency BD-DhUET
Original cataloging agency DLC
082 00 - DEWEY DECIMAL CLASSIFICATION NUMBER
Classification number 541.39
Item number SMI/1970
100 ## - MAIN ENTRY--PERSONAL NAME
Personal name Smith, J. M.
245 10 - TITLE STATEMENT
Title Chemical engineering kinetics
250 ## - EDITION STATEMENT
Edition statement 2nd ed.
260 ## - PUBLICATION, DISTRIBUTION, ETC. (IMPRINT)
Place of publication, distribution, etc. New York
Name of publisher, distributor, etc. McGraw-Hill
Date of publication, distribution, etc. 1970
300 ## - PHYSICAL DESCRIPTION
Extent xviii, 612p.
Other physical details ill.
490 0# - SERIES STATEMENT
Series statement McGraw-Hill chemical engineering series
650 #0 - SUBJECT ADDED ENTRY--TOPICAL TERM
Topical term or geographic name as entry element Kinetics : Physical chemistry
942 ## - ADDED ENTRY ELEMENTS (KOHA)
Koha item type General Book
Holdings
Koha date last seen Piece designation (barcode) Lost status Price effective from Koha normalized classification for sorting Date acquired Withdrawn status Not for loan Sublocation or collection (holding branch) Source of classification or shelving scheme Copy number Koha item type Koha full call number Damaged status Shelving location Location (home branch)
2014-12-0484576 2014-12-04541_390000000000000_SMI_19702014-12-04  Central Library, BUET 1General Book541.39/SMI/1970 Circulation sectionCentral Library, BUET
2014-12-1229865 2014-12-12541_390000000000000_SMI_19702014-12-12  Central Library, BUET 2General Book541.39/SMI/1970 Circulation sectionCentral Library, BUET
2014-12-1229867 2014-12-12541_390000000000000_SMI_19702014-12-12  Central Library, BUET 3General Book541.39/SMI/1970 Circulation sectionCentral Library, BUET
2014-12-1229863 2014-12-12541_390000000000000_SMI_19702014-12-12  Central Library, BUET 4General Book541.39/SMI/1970 Circulation sectionCentral Library, BUET
2015-03-1129871 2015-03-11541_390000000000000_SMI_19702015-03-11  Central Library, BUET 5General Book541.39/SMI/1970 Circulation sectionCentral Library, BUET
2015-03-1429868 2015-03-14541_390000000000000_SMI_19702015-03-14  Central Library, BUET 6General Book541.39/SMI/1970 Circulation sectionCentral Library, BUET
2015-03-1437045 2015-03-14541_390000000000000_SMI_19702015-03-14  Central Library, BUET 7General Book541.39/SMI/1970 Circulation sectionCentral Library, BUET
2015-04-2329869 2015-04-23541_390000000000000_SMI_19702015-04-23  Central Library, BUET 8General Book541.39/SMI/1970 Circulation sectionCentral Library, BUET
2015-04-2329859 2015-04-23541_390000000000000_SMI_19702015-04-23  Central Library, BUET 9General Book541.39/SMI/1970 Circulation sectionCentral Library, BUET
2015-04-2629870 2015-04-26541_390000000000000_SMI_19702015-04-26  Central Library, BUET 10General Book541.39/SMI/1970 Circulation sectionCentral Library, BUET
2015-04-2629861 2015-04-26541_390000000000000_SMI_19702015-04-26  Central Library, BUET 11General Book541.39/SMI/1970 Circulation sectionCentral Library, BUET
2015-04-2725967 2015-04-27541_390000000000000_SMI_19702015-04-27  Central Library, BUET 12General Book541.39/SMI/1970 Circulation sectionCentral Library, BUET
2015-04-2729860 2015-04-27541_390000000000000_SMI_19702015-04-27  Central Library, BUET 13General Book541.39/SMI/1970 Circulation sectionCentral Library, BUET
2015-06-0829862 2015-06-08541_390000000000000_SMI_19702015-06-08  Central Library, BUET 14Reading Item541.39/SMI/1970 Reading sectionCentral Library, BUET
2015-06-0829866 2015-06-08541_390000000000000_SMI_19702015-06-08  Central Library, BUET 15Reading Item541.39/SMI/1970 Reading sectionCentral Library, BUET
2015-06-0829872 2015-06-08541_390000000000000_SMI_19702015-06-08  Central Library, BUET 16Reading Item541.39/SMI/1970 Reading sectionCentral Library, BUET
2015-06-0829864 2015-06-08541_390000000000000_SMI_19702015-06-08  Central Library, BUET 17Reading Item541.39/SMI/1970 Reading sectionCentral Library, BUET